000 00715nam a22002655i 4500
001 12000
003 ES-MaACL
005 20230906150222.0
007 t|
008 960221s1995 sp ||||0| spa j
020 _a84-239-7728-5
040 _aM-BN
_bspa
_cM-BN
080 _a316.647.3
100 1 _aRojas Marcos, Luis.
_999074
245 1 4 _aLas semillas de la violencia /
_cLuis Rojas Marcos.
250 _a10ª ed.
260 _aMadrid :
_bEspasa-Calpe,
_c1996.
300 _a228 p ;
_c21 cm.
490 1 _aEspasa hoy
500 _aReimp. de la 1ª ed., 1995.
650 1 4 _aViolencia.
_917812
830 0 _aEspasa hoy
_9179010
852 _aES-MaACL
_jL-19306
_bR.125585
999 _c12000
_d12000